Řezník a uzenář : biologie pro 1. a 2. ročník odborných učilišť a učňovských škol /

Hlavní autor: Durych, Václav
Jazyk: Čeština
Vydáno: Praha : Státní nakladatelství technické literatury, 1982
Vydání: 2. nezm. vyd.
Edice: Řada potravinářské literatury
Fyzický popis: 116 s.
Knihy
Uloženo v:
LEADER 00891nam a22002652a 4500
001 001220113
003 CZ BrMZK
005 20121214112828.0
007 ta
008 120605s1982 xr er|||||||||||cze d
015 |a cnb000124681 
035 |a (OCoLC)42142157 
040 |a BOA001  |b cze 
080 9 |a 57(075.3):377.35 
100 1 |a Durych, Václav  |7 jk01023365  |4 aut 
245 1 0 |a Řezník a uzenář :  |b biologie pro 1. a 2. ročník odborných učilišť a učňovských škol /  |c Václav Durych 
250 |a 2. nezm. vyd. 
260 |a Praha :  |b Státní nakladatelství technické literatury,  |c 1982 
300 |a 116 s. 
490 1 |a Řada potravinářské literatury 
830 0 |a Řada potravinářské literatury 
910 |a BOA001  |b 2-0755.846-82 
990 |a BK 
991 |b 201206 
996 7 |b 2619531123  |c 2-0755.846-82  |l MZK  |r Sklad / do 1 hodiny  |n 0  |w 001253988  |u 000010  |a 1  |e BOA001  |j MZK50  |s A